000 00647nab a2200193 4500
001 244442
003 OSt
005 20250820093833.0
007 tu
008 200917s2020|||||||
040 _aDE-2950
_cDE-2950
245 0 0 _aHören mit Röhren
_bMOZ-Rekordbuch. Karl-Heinz Boßan hat die größte Radioröhren-Sammlung Brandenburgs. Etwa hundert seiner Uralt-Radios sind in Friedersdorf zu bewundern/
_cJörg Kotterba
264 _c2024
653 _aFrankfurt (Oder)
653 _aRöhrenradios
653 _aKarl-Heinz Boßan
773 0 _g36. Jahrgang (2025) Nr. 193 vom 20.08.2025, S. 14 mit Foto
_tMärkische Oderzeitung
942 _2z
_cA
999 _c373968
_d373968